[Event "Rodostosah WGM 2019"]
[Site "Tekirdag"]
[Date "2019.02.14"]
[Round "7.7"]
[White "Kocyigit, Buse Naz"]
[Black "Eric, Jovana"]
[Result "1/2-1/2"]
[WhiteElo "2023"]
[BlackElo "2222"]
[Annotator "TA"]
[PlyCount "79"]
[EventDate "2019.02.08"]
[EventType "schev"]
[EventCountry "TUR"]
[SourceTitle "playchess.com"]
[Source "ChessBase"]
[SourceQuality "1"]

{[%evp 11,79,62,67,38,41,33,46,-19,0,-9,0,0,10,-8,-7,-47,0,0,18,-9,16,9,0,-54,-50,-39,-28,-266,-227,-416,-404,-406,-384,-365,-187,-168,-148,-208,-81,-201,-20,-119,-109,-108,-112,-93,-84,-360,-347,-332,-170,-196,-40,-18,0,0,0,0,0,0,0,0,0,0,222,0,0,0,0,0]} 1. d4 d6 2. Nf3 Nc6 3. c4 Nf6 4. Nc3 e5 5. d5 Ne7 6. e4 Ng6 7. h3 {A54: Old Indian Defence with Nf3, but without e4} (7. g3 Be7 8. h4 h6 9. Be2 a5 10. h5 Nf8 11. Nh4 N8h7 12. Be3 O-O 13. Ng2 c6 14. f3 Bd7 15. a4 Qc8 16. Bf2 {½-½ (44) Moiseenko,A (2707)-Rapport,R (2704) Tromsoe 2014}) 7... Be7 8. Be3 O-O 9. g4 (9. Be2 $14) 9... c6 10. Qc2 $146 ({Predecessor:} 10. Qd2 Bd7 11. Bd3 cxd5 12. cxd5 {½-½ (58) Groeger,S (2166)-Greger,U (2079) Germany 2017}) 10... cxd5 11. exd5 Bd7 12. Bd3 Rc8 13. Qe2 Re8 (13... b5 $5) 14. Nd2 Bf8 15. Kf1 ({Avoid the trap} 15. Bxa7 $2 Nf4 $19) 15... e4 16. Ncxe4 Nxe4 17. Nxe4 (17. Bxe4 $11 Nh4 18. Bd3) 17... f5 $15 18. gxf5 Bxf5 19. Nc5 $2 (19. f3 $11) 19... Nf4 $1 $19 {[%cal Rf4e2][%mdl 64] Pin} 20. Qc2 $2 (20. Qd2 Nxd3 21. Nxd3) 20... Nxd3 21. Nxd3 Qh4 22. b3 Bxh3+ (22... g6 $142 23. a4 Bg7) 23. Ke2 g6 {Threatens to win with ...Qg4+.} 24. Kd2 (24. Rae1 $17) 24... Bh6 (24... Qf6 $1 $19 {...Bg7 is the strong threat.} 25. Rag1 Bf5) 25. Rag1 {[#]} (25. Bxh6 $17 Qxh6+ 26. f4) 25... Re4 $2 (25... b5 $1 $19 {[%cal Rb5c4][%mdl 512]} 26. Re1 (26. cxb5 Rxe3) 26... bxc4 27. bxc4 Rxc4) 26. Rg3 (26. Qd1 $1 $11 {keeps the balance.} Bxe3+ 27. fxe3) 26... Bxe3+ $17 27. Rxe3 Rxe3 28. fxe3 Qg3 {aiming for ...Qg2+.} 29. Qd1 $2 {[%mdl 8192] [#]} (29. Re1 $17 {keeps fighting.}) 29... Qg2+ $1 $19 30. Kc3 {Strongly threatening Nf4.} Bf5 (30... b5 $142 31. Nf4 {[#]} b4+ $1 {[%mdl 512]} 32. Kd4 Qb2+ 33. Ke4 Bf5+ 34. Kf3 Re8) 31. Rg1 Qxa2 $2 {[#]} ({Black should play} 31... Qe4 $19 32. a4 h5) 32. e4 $1 $15 {[%cal Re4f5][%mdl 576] Decoy} Bxe4 {And now ...Bf5 would win.} 33. Qg4 $1 $36 {[%cal Rg4c8][%mdl 2048] White has the initiative.} Qa5+ 34. Nb4 Qc5 35. Qe6+ Kg7 $1 36. Qe7+ Kg8 $1 37. Qe6+ Kf8 $2 (37... Kg7 $1 $11 {and Black stays safe.} 38. Qxe4 Qxg1 39. Qe7+ {[%mdl 64] Double Attack} Kh6 40. Qh4+ Kg7 41. Qe7+ {[%mdl 64] Double Attack} Kh6 42. Qh4+ Kg7 43. Qe7+ {[%mdl 64] Double Attack}) 38. Qf6+ $2 (38. Re1 $18 Re8 39. Qf6+ Kg8 40. Qh4) 38... Kg8 $11 39. Qe6+ Kg7 40. Qe7+ {Accuracy: White = 21%, Black = 33%.} 1/2-1/2

[Event "Rodostosah WGM 2019"]
[Site "Tekirdag"]
[Date "2019.02.14"]
[Round "7.8"]
[White "Duran, Esma Doga"]
[Black "Dimitrijevic, Aleksandra"]
[Result "1-0"]
[WhiteElo "2005"]
[BlackElo "2175"]
[Annotator "TA"]
[PlyCount "59"]
[EventDate "2019.02.08"]
[EventType "schev"]
[EventCountry "TUR"]
[SourceTitle "playchess.com"]
[Source "ChessBase"]
[SourceQuality "1"]

{[%evp 10,59,39,3,34,-8,-7,-7,16,16,16,0,12,0,54,33,28,25,38,29,38,27,53,18,77,85,96,52,95,56,39,0,14,17,0,0,50,70,127,128,502,508,672,671,674,660,736,702,727,707,778,760]} 1. d4 f5 2. g3 Nf6 3. Bg2 e6 4. c4 Be7 5. Nc3 O-O 6. Qb3 {LiveBook: 7 Games} c6 {A91: Classical Dutch: Early Deviations} (6... Nc6 7. d5 Nb4 8. Nf3 a5 9. O-O Na6 10. Nd4 Nc5 11. Qc2 Ne8 12. e4 Nd6 13. dxe6 dxe6 14. exf5 {½-½ (54) Stupak,K (2565)-Harshkou,M (2359) Minsk 2018}) 7. e4 fxe4 8. Nxe4 d5 {The position is equal.} 9. Nxf6+ Bxf6 10. Ne2 $146 ({Predecessor:} 10. Nf3 Nd7 11. O-O dxc4 12. Qxc4 Nb6 13. Qd3 Nd5 14. Be3 {0-1 (42) Garfinkel,B-Romanenko,I Oklahoma City 1956}) 10... Kh8 11. O-O Qb6 (11... Nd7 $11) 12. Qd3 Qa6 13. b3 $36 {[%mdl 2048] White is more active.} e5 14. Bb2 e4 15. Qe3 Bg4 16. Nc3 {[%cal Be2c3,Bc3e4,Be4d6,Bd6c4,Bc4d2][%mdl 32]} dxc4 (16... Qa5 $1 $11) 17. Nxe4 $16 Nd7 18. Nd6 c5 19. Nxc4 {Threatens to win with Rfe1.} Rae8 20. Be4 b5 21. Nd2 $1 cxd4 22. Bxd4 Bxd4 23. Qxd4 Ne5 (23... Rd8 $14) 24. f4 {[%cal Bf2f4,Bf4e5][%mdl 32]} Rd8 $2 {[%mdl 8192] [#]} (24... Nd7 $16 {is more resistant.}) 25. fxe5 $18 {White is clearly winning.} Qa3 26. Rxf8+ Qxf8 27. Qe3 Qb4 28. Rf1 Bh3 29. Rf2 Qa3 30. Bg2 {Precision: White = 65%, Black = 36%.} 1-0

[Event "Rodostosah WGM 2019"]
[Site "Tekirdag"]
[Date "2019.02.14"]
[Round "7.9"]
[White "Anacoglu, Cisel"]
[Black "Prohorov, Olexandr"]
[Result "1/2-1/2"]
[WhiteElo "1962"]
[BlackElo "2146"]
[Annotator "TA"]
[PlyCount "56"]
[EventDate "2019.02.08"]
[EventType "schev"]
[EventCountry "TUR"]
[SourceTitle "playchess.com"]
[Source "ChessBase"]
[SourceQuality "1"]

{[%evp 14,56,20,20,12,13,15,4,10,8,8,8,10,8,11,0,0,0,47,36,39,21,68,68,64,64,54,0,62,3,7,6,18,12,52,49,47,44,89,86,106,0,58,0,81]} 1. e4 c5 2. Nf3 Nc6 3. Bb5 g6 4. Bxc6 dxc6 5. h3 Bg7 6. d3 e5 7. Nc3 Qe7 8. O-O Nf6 {B31: Sicilian: 2...Nc6 3 Bb5 g6} 9. a4 (9. Be3 O-O 10. Qc1 Re8 11. a4 b6 12. Bh6 Nh5 13. Bxg7 Kxg7 14. Ne2 Qf6 15. Qg5 Qxg5 16. Nxg5 {½-½ (37) Burg,T (2509)-Pap,M (2488) Germany 2016}) 9... Nd7 10. a5 Nf8 11. Na4 Ne6 12. Be3 O-O 13. Nd2 Rd8 $146 ({Predecessor:} 13... f5 14. exf5 gxf5 {0-1 (55) Kobeshavidze,L (1906)-Samigullina,D (2173) Kemer 2009}) 14. Qb1 Rb8 15. Nc4 Nf4 {[#] Hoping for ...Qg5.} 16. Qd1 $1 Ne6 17. Rb1 f5 18. exf5 gxf5 {[#]} 19. b4 $1 {[%mdl 512]} Qh4 (19... cxb4 20. Bxa7) 20. Bxc5 ({Don't play} 20. bxc5 f4 $15) ({White should play} 20. Kh2 $14) 20... Nxc5 ({Black should try} 20... Nf4 $1 $11) 21. Nxc5 (21. bxc5 $14 Be6 22. Rb4) 21... b6 $11 22. axb6 axb6 23. Nb3 Be6 24. Qe2 Re8 25. Nbd2 Bd5 26. Ne3 Be6 27. Nec4 Bd5 $1 28. Ne3 Be6 {Accuracy: White = 56%, Black = 72%.} 1/2-1/2

[Event "Rodostosah WGM 2019"]
[Site "Tekirdag"]
[Date "2019.02.14"]
[Round "7.10"]
[White "Sade, Defne"]
[Black "Shkuran, Danylo"]
[Result "0-1"]
[WhiteElo "1916"]
[BlackElo "2368"]
[Annotator "TA"]
[PlyCount "100"]
[EventDate "2019.02.08"]
[EventType "schev"]
[EventCountry "TUR"]
[SourceTitle "playchess.com"]
[Source "ChessBase"]
[SourceQuality "1"]

{[%evp 14,100,41,18,39,35,39,35,35,35,21,-6,8,-70,-25,-52,0,-52,-52,-52,-55,-54,-39,-67,-41,-85,-79,-81,-76,-85,-78,-88,-75,-106,-95,-105,-51,-52,-57,-106,-42,-66,-53,-128,-138,-198,-209,-197,-200,-212,-194,-295,-295,-311,-217,-205,-181,-259,-131,-129,-135,-175,-161,-142,-130,-153,-156,-297,-302,-304,-289,-293,-297,-303,-300,-316,-297,-302,-308,-413,-413,-400,-405,-399,-392,-488,-481,-455,-422]} 1. e4 c5 2. Nf3 e6 3. d4 cxd4 4. Nxd4 a6 5. c4 Qc7 6. Nc3 Nf6 7. Be2 Bb4 8. O-O Bxc3 {B41: Sicilian: Kan Variation: 5 c4} (8... O-O 9. Qd3 d6 10. Bd2 Nc6 11. Nb3 b6 12. Rac1 Bc5 13. Bg5 Bb7 14. Qg3 Kh8 15. Rfd1 Ne5 16. Nxc5 bxc5 {0-1 (34) Naiditsch,A (2705)-Artemiev,V (2691) Riadh 2017}) 9. bxc3 Nxe4 10. Bf3 Nc5 $1 {White is slightly better.} 11. Nb3 {[%mdl 1024] Qd4 is the strong threat. White has compensation.} d6 12. Qd4 $146 ({Predecessor:} 12. Bf4 e5 13. Nxc5 Qxc5 14. Be3 Qc7 15. Qb3 O-O 16. Rab1 {½-½ (49) Freitag,M (2387)-Weiss,C (2382) Austria 2017}) 12... e5 13. Re1 ({White should play} 13. Qd2 $11) 13... O-O 14. Qh4 Nxb3 {[#]} (14... Be6 $15) 15. axb3 (15. Be4 $1 $11 {[%mdl 512]} f5 16. Bd5+ Kh8 17. axb3) 15... Be6 $1 $15 16. Ba3 Nc6 $1 17. Rad1 Rfd8 18. Re3 Bf5 19. Re2 Qa5 $1 {[%cal Ra5a3]} 20. Bb2 Rd7 21. Red2 Rad8 22. g4 Bg6 23. b4 Qc7 24. Qg3 e4 ({Black should try} 24... Ne7 $17 25. c5 f6 26. cxd6 Rxd6 27. Rxd6 Rxd6) 25. Be2 $1 Ne5 26. h4 {White wants to play h5.} h6 ({Of course not} 26... Nxc4 $6 27. Bxc4 Qxc4 28. h5 $11) (26... f6 $1 $17 27. Rd4 Bf7 28. Rxe4 Bxc4 29. Bxc4+ Nxc4) 27. h5 Bh7 28. c5 {[#]} (28. Rd4 $15) 28... Nd3 $1 $17 29. Ba1 (29. cxd6 $17 {might work better.} Rxd6 30. Kh2) 29... dxc5 $19 {And now ...Qxg3+ would win.} 30. Qxc7 Rxc7 31. bxc5 Rxc5 32. f3 (32. Kf1 {was necessary.}) 32... e3 33. Ra2 Rcd5 {White must now prevent ...Nf4.} 34. c4 R5d7 {Threatens to win with ...Nf4.} 35. Bc3 (35. Kf1 $142) 35... Nf2 (35... Nf4 $19 36. Rxd7 Rxd7) 36. Rxd7 $17 Rxd7 37. Be1 Nh3+ 38. Kf1 f5 39. gxf5 Nf4 40. Ra3 (40. Ra5 $17) 40... Bxf5 $19 {Hoping for ...Bh3+.} 41. Rxe3 Bd3 ({Much less strong is} 41... Nxh5 42. c5 $19) 42. Bxd3 Rxd3 {[%mdl 4096] Endgame KRB-KRN} (42... Nxd3 43. Bg3 $17) 43. Re8+ Kf7 44. Rb8 Rxf3+ 45. Kg1 Rb3 {Strongly threatening ...Rb1.} ({Not} 45... Nxh5 46. Rxb7+ Ke8 47. c5 $17) 46. c5 {Black should prevent c6!} Rb1 47. Kf1 Nd3 {[%mdl 64] Double Attack} 48. Ke2 Nxc5 (48... Rxe1+ $2 49. Kxd3 Re7 50. Kc4 $19) (48... Nxe1 $2 {[#]} 49. c6 $1 $19 {[%mdl 512]}) 49. Bc3 Ne4 50. Be5 Nf6 {Accuracy: White = 42%, Black = 69%.} 0-1

[Event "Rodostosah WGM 2019"]
[Site "Tekirdag"]
[Date "2019.02.15"]
[Round "8.6"]
[White "Eric, Jovana"]
[Black "Caglar, Sila"]
[Result "1-0"]
[WhiteElo "2222"]
[BlackElo "2062"]
[Annotator "NA"]
[PlyCount "67"]
[EventDate "2019.02.08"]
[EventType "schev"]
[EventCountry "TUR"]
[SourceTitle "playchess.com"]
[Source "ChessBase"]
[SourceQuality "1"]
[TimeControl "5400+30"]

1. e4 {[%emt 0:00:30]} c5 {[%emt 0:05:30]} 2. d3 {[%emt 0:00:00]} g6 {[%emt 0:01:30]} 3. g3 {[%emt 0:01:00]} Bg7 {[%emt 0:00:30]} 4. Bg2 {[%emt 0:00:00]} Nc6 {[%emt 0:01:30]} 5. f4 {[%emt 0:00:00]} e6 {[%emt 0:04:30]} 6. Nf3 {[%emt 0:03:30]} d5 {[%emt 0:02:30]} 7. Nbd2 {[%emt 0:03:30]} Nge7 {[%emt 0:03:30]} 8. O-O {[%emt 0:01:30]} O-O {[%emt 0:00:30]} 9. c3 {[%emt 0:01:30]} Rb8 {[%emt 0:03:30]} 10. exd5 {[%emt 0:04:30]} exd5 {[%emt 0:04:30]} 11. Re1 {[%emt 0:03:30]} Bf5 {[%emt 0:05:30]} 12. Nb3 {[%emt 0:08:30]} d4 {[%emt 0:05:30]} 13. cxd4 {[%emt 0:02:30]} cxd4 {[%emt 0:02:30]} 14. Nc5 {[%emt 0:03:30]} Re8 {[%emt 0:07:30]} 15. Nh4 {[%emt 0:05:30]} Qa5 {[%emt 0:10:30]} 16. Ne4 {[%emt 0:08:30]} Be6 {[%emt 0:03:30]} 17. Bd2 {[%emt 0:05:30]} Qb6 {[%emt 0:01:30]} 18. g4 {[%emt 0:12:30]} Rbd8 {[%emt 0:05:30]} 19. f5 {[%emt 0:03:30]} gxf5 {[%emt 0:00:30]} 20. gxf5 {[%emt 0:03:30]} Nxf5 {[%emt 0:01:30]} 21. Bg5 {[%emt 0:04:30]} Ne3 {[%emt 0:04:30]} 22. Qe2 {[%emt 0:00:30]} Rd5 {[%emt 0:03:30]} 23. Nf6+ {[%emt 0:02:30]} Bxf6 {[%emt 0:00:30]} 24. Bxf6 {[%emt 0:00:30]} Ne7 {[%emt 0:05:14]} 25. Bxd5 {[%emt 0:04:43]} Bxd5 {[%emt 0:00:02]} 26. Rf1 {[%emt 0:01:33]} Ng6 {[%emt 0:07:16]} 27. Nf5 {[%emt 0:01:25]} Qe6 {[%emt 0:02:58]} 28. Ng7 {[%emt 0:02:27]} Qh3 {[%emt 0:06:30]} 29. Nxe8 {[%emt 0:00:42]} Nf5 {[%emt 0:01:17]} 30. Be5 {[%emt 0:03:59]} Bc6 {[%emt 0:00:57]} 31. Nf6+ {[%emt 0:00:11]} Kf8 {[%emt 0:00:00]} 32. Nxh7+ {[%emt 0:02:40]} Qxh7 {[%emt 0:00:27]} 33. Rxf5 {[%emt 0:00:05]} Qh4 {[%emt 0:00:46]} 34. Raf1 {[%emt 0:01:07]} 1-0

[Event "Rodostosah WGM 2019"]
[Site "Tekirdag"]
[Date "2019.02.15"]
[Round "8.7"]
[White "Dimitrijevic, Aleksandra"]
[Black "Kocyigit, Buse Naz"]
[Result "1-0"]
[WhiteElo "2175"]
[BlackElo "2023"]
[Annotator "NA"]
[PlyCount "71"]
[EventDate "2019.02.08"]
[EventType "schev"]
[EventCountry "TUR"]
[SourceTitle "playchess.com"]
[Source "ChessBase"]
[SourceQuality "1"]
[TimeControl "5400+30"]

1. d4 {[%emt 0:00:30]} Nf6 {[%emt 0:05:30]} 2. c4 {[%emt 0:03:30]} g6 {[%emt 0:00:30]} 3. g3 {[%emt 0:00:30]} Bg7 {[%emt 0:00:30]} 4. Bg2 {[%emt 0:00:00]} d5 {[%emt 0:00:30]} 5. cxd5 {[%emt 0:01:00]} Nxd5 {[%emt 0:00:30]} 6. e4 {[%emt 0:00:30]} Nb6 {[%emt 0:00:00]} 7. Ne2 {[%emt 0:00:00]} c5 {[%emt 0:03:00]} 8. d5 {[%emt 0:00:00]} e6 {[%emt 0:16:30]} 9. Nbc3 {[%emt 0:02:30]} exd5 {[%emt 0:00:30]} 10. exd5 {[%emt 0:00:00]} O-O {[%emt 0:01:30]} 11. O-O {[%emt 0:02:00]} Bf5 {[%emt 0:07:30]} 12. Be3 {[%emt 0:05:30]} Na6 {[%emt 0:01:30]} 13. b3 {[%emt 0:02:30]} Qd7 {[%emt 0:08:30]} 14. Re1 {[%emt 0:02:30]} Rac8 {[%emt 0:04:30]} 15. a3 {[%emt 0:06:30]} h6 {[%emt 0:07:30]} 16. Qd2 {[%emt 0:02:30]} Kh7 {[%emt 0:00:00]} 17. Rad1 {[%emt 0:00:30]} Rfe8 {[%emt 0:01:00]} 18. Nf4 {[%emt 0:04:30]} c4 {[%emt 0:12:30]} 19. b4 {[%emt 0:03:30]} Na4 {[%emt 0:00:30]} 20. Bd4 {[%emt 0:10:30]} Bxd4 {[%emt 0:03:30]} 21. Qxd4 {[%emt 0:00:00]} Nxc3 {[%emt 0:04:30]} 22. Qxc3 {[%emt 0:00:00]} Nc7 {[%emt 0:04:22]} 23. Qxc4 {[%emt 0:12:30]} Nb5 {[%emt 0:00:11]} 24. Qf1 {[%emt 0:01:30]} Nxa3 {[%emt 0:01:01]} 25. h3 {[%emt 0:02:30]} Qd6 {[%emt 0:04:10]} 26. Re3 {[%emt 0:04:30]} Rxe3 {[%emt 0:05:49]} 27. fxe3 {[%emt 0:00:00]} Qxb4 {[%emt 0:03:46]} 28. g4 {[%emt 0:02:00]} Bc2 {[%emt 0:02:26]} 29. Nh5 {[%emt 0:00:30]} Qe7 {[%emt 0:01:55]} 30. d6 {[%emt 0:00:00]} Qxe3+ {[%emt 0:00:23]} 31. Kh1 {[%emt 0:00:00]} gxh5 {[%emt 0:00:25]} 32. Qxf7+ {[%emt 0:00:30]} Kh8 {[%emt 0:00:02]} 33. d7 {[%emt 0:00:00]} Rd8 {[%emt 0:00:53]} 34. Qf6+ {[%emt 0:00:00]} Kh7 {[%emt 0:00:30]} 35. Qxd8 {[%emt 0:00:30]} Bxd1 {[%emt 0:00:04]} 36. Qe8 {[%emt 0:00:00]} 1-0

[Event "Rodostosah WGM 2019"]
[Site "Tekirdag"]
[Date "2019.02.15"]
[Round "8.8"]
[White "Prohorov, Olexandr"]
[Black "Duran, Esma Doga"]
[Result "1/2-1/2"]
[WhiteElo "2146"]
[BlackElo "2005"]
[Annotator "NA"]
[PlyCount "61"]
[EventDate "2019.02.08"]
[EventType "schev"]
[EventCountry "TUR"]
[SourceTitle "playchess.com"]
[Source "ChessBase"]
[SourceQuality "1"]
[TimeControl "5400+30"]

1. d4 {[%emt 0:00:30]} d5 {[%emt 0:02:30]} 2. c4 {[%emt 0:06:30]} c6 {[%emt 0:00:00]} 3. Nc3 {[%emt 0:01:30]} Nf6 {[%emt 0:00:00]} 4. e3 {[%emt 0:00:00]} e6 {[%emt 0:01:30]} 5. Nf3 {[%emt 0:00:00]} Nbd7 {[%emt 0:00:30]} 6. Qc2 {[%emt 0:00:30]} Be7 {[%emt 0:00:30]} 7. Bd3 {[%emt 0:04:30]} dxc4 {[%emt 0:02:30]} 8. Bxc4 {[%emt 0:06:30]} b5 {[%emt 0:00:30]} 9. Bd3 {[%emt 0:01:30]} Bb7 {[%emt 0:04:30]} 10. a3 {[%emt 0:02:30]} a6 {[%emt 0:02:30]} 11. b4 {[%emt 0:03:30]} Bd6 {[%emt 0:02:30]} 12. O-O {[%emt 0:05:30]} O-O {[%emt 0:02:30]} 13. h3 {[%emt 0:10:30]} Qe7 {[%emt 0:02:30]} 14. Ng5 {[%emt 0:06:30]} h6 {[%emt 0:00:30]} 15. Nge4 {[%emt 0:00:30]} Bc7 {[%emt 0:03:30]} 16. Nc5 {[%emt 0:00:30]} Nxc5 {[%emt 0:00:00]} 17. dxc5 {[%emt 0:00:00]} Rad8 {[%emt 0:01:00]} 18. Bb2 {[%emt 0:01:00]} e5 {[%emt 0:02:30]} 19. Rad1 {[%emt 0:04:30]} Bc8 {[%emt 0:01:30]} 20. Bf5 {[%emt 0:15:30]} Be6 {[%emt 0:01:30]} 21. Ne2 {[%emt 0:02:30]} Nd5 {[%emt 0:16:30]} 22. Ng3 {[%emt 0:03:30]} Qf6 {[%emt 0:08:30]} 23. Bxe6 {[%emt 0:06:13]} Qxe6 {[%emt 0:00:00]} 24. Qf5 {[%emt 0:00:00]} Qe7 {[%emt 0:08:00]} 25. e4 {[%emt 0:02:37]} Nf4 {[%emt 0:01:30]} 26. Qg4 {[%emt 0:00:16]} Qg5 {[%emt 0:27:39]} 27. Qf3 {[%emt 0:02:40]} h5 {[%emt 0:02:07]} 28. Nf5 {[%emt 0:02:07]} Rxd1 {[%emt 0:00:39]} 29. Rxd1 {[%emt 0:00:42]} Rd8 {[%emt 0:00:07]} 30. Nd6 {[%emt 0:06:47]} Bxd6 {[%emt 0:01:19]} 31. Rxd6 {[%emt 0:02:04]} 1/2-1/2

[Event "Rodostosah WGM 2019"]
[Site "Tekirdag"]
[Date "2019.02.15"]
[Round "8.9"]
[White "Shkuran, Danylo"]
[Black "Anacoglu, Cisel"]
[Result "1-0"]
[WhiteElo "2368"]
[BlackElo "1962"]
[Annotator "NA"]
[PlyCount "89"]
[EventDate "2019.02.08"]
[EventType "schev"]
[EventCountry "TUR"]
[SourceTitle "playchess.com"]
[Source "ChessBase"]
[SourceQuality "1"]
[TimeControl "5400+30"]

1. d4 {[%emt 0:00:30]} Nf6 {[%emt 0:01:30]} 2. c4 {[%emt 0:00:30]} g6 {[%emt 0:00:30]} 3. Nf3 {[%emt 0:00:30]} Bg7 {[%emt 0:00:30]} 4. Nc3 {[%emt 0:00:30]} O-O {[%emt 0:00:00]} 5. e3 {[%emt 0:00:00]} d6 {[%emt 0:00:00]} 6. Be2 {[%emt 0:01:00]} c5 {[%emt 0:00:30]} 7. O-O {[%emt 0:00:30]} Na6 {[%emt 0:00:00]} 8. b3 {[%emt 0:02:30]} Bd7 {[%emt 0:04:00]} 9. Bb2 {[%emt 0:00:30]} Rb8 {[%emt 0:02:30]} 10. Qd2 {[%emt 0:08:30]} Nc7 {[%emt 0:02:30]} 11. a4 {[%emt 0:10:30]} b6 {[%emt 0:04:30]} 12. Rfd1 {[%emt 0:08:30]} Bc6 {[%emt 0:05:30]} 13. Qc2 {[%emt 0:08:30]} e6 {[%emt 0:24:30]} 14. dxc5 {[%emt 0:17:30]} bxc5 {[%emt 0:00:30]} 15. Nb5 {[%emt 0:00:30]} Be4 {[%emt 0:14:30]} 16. Qc1 {[%emt 0:14:30]} Nxb5 {[%emt 0:05:30]} 17. axb5 {[%emt 0:00:30]} Qe7 {[%emt 0:04:30]} 18. Bc3 {[%emt 0:06:20]} Ne8 {[%emt 0:18:07]} 19. Ra2 {[%emt 0:06:53]} Ra8 {[%emt 0:06:55]} 20. Qb2 {[%emt 0:03:46]} Bxc3 {[%emt 0:03:21]} 21. Qxc3 {[%emt 0:00:06]} f5 {[%emt 0:00:01]} 22. Nd2 {[%emt 0:01:52]} Qf6 {[%emt 0:00:28]} 23. Nxe4 {[%emt 0:03:00]} fxe4 {[%emt 0:00:04]} 24. Qxf6 {[%emt 0:00:12]} Rxf6 {[%emt 0:00:00]} 25. Rda1 {[%emt 0:00:01]} Rf7 {[%emt 0:00:22]} 26. Bg4 {[%emt 0:00:36]} Re7 {[%emt 0:01:24]} 27. Ra6 {[%emt 0:02:06]} h5 {[%emt 0:00:30]} 28. Bd1 {[%emt 0:01:00]} d5 {[%emt 0:00:40]} 29. cxd5 {[%emt 0:01:43]} exd5 {[%emt 0:00:34]} 30. Rxg6+ {[%emt 0:00:13]} Ng7 {[%emt 0:00:32]} 31. Rc6 {[%emt 0:01:22]} Ne6 {[%emt 0:00:29]} 32. Bxh5 {[%emt 0:00:36]} d4 {[%emt 0:00:20]} 33. Bg4 {[%emt 0:00:33]} Nc7 {[%emt 0:00:36]} 34. Rxc5 {[%emt 0:00:11]} d3 {[%emt 0:00:21]} 35. Kf1 {[%emt 0:00:57]} Rh7 {[%emt 0:00:44]} 36. h3 {[%emt 0:00:48]} Re7 {[%emt 0:00:30]} 37. Ke1 {[%emt 0:00:00]} Kg7 {[%emt 0:00:07]} 38. Kd2 {[%emt 0:00:13]} Rf8 {[%emt 0:00:46]} 39. f3 {[%emt 0:00:17]} exf3 {[%emt 0:00:28]} 40. gxf3 {[%emt 0:00:42]} Ra8 {[%emt 0:00:36]} 41. b6 {[%emt 0:00:47]} Ne6 {[%emt 0:00:33]} 42. Re5 {[%emt 0:00:26]} Kf6 {[%emt 0:00:49]} 43. Rxe6+ {[%emt 0:00:06]} Rxe6 {[%emt 0:00:12]} 44. Bxe6 {[%emt 0:00:30]} Kxe6 {[%emt 0:00:00]} 45. bxa7 {[%emt 0:00:00]} 1-0